| 000 | 00743nam a2200229 a 4500 | ||
|---|---|---|---|
| 001 | 000001931 | ||
| 003 | DO-SdBNP | ||
| 005 | 20230728131658.0 | ||
| 008 | 830910s1967 sp 000 f spa | ||
| 040 |
_aDO-SdBNP _bspa _cBNPHU |
||
| 082 | 4 |
_aPR863.44 _bM538i _222 |
|
| 100 | 1 |
_aMéndez Ballester, Manuel, _d1909-2002 _96263 |
|
| 245 | 1 | 0 |
_aIsla Cerrera : _bnovela / _cManuel Méndez Ballester ; [prólogo], Concha Meléndez. |
| 260 |
_aBarcelona : _bRumbos, _c1967. |
||
| 300 |
_a285 p. ; _c18 cm. |
||
| 590 | _aInventariado, 2023/MFF | ||
| 650 | 4 |
_aNovela puertorriqueña _91185 |
|
| 650 | 4 |
_aLiteratura puertorriqueña _9250 |
|
| 700 | 1 |
_aMeléndez, Concha, _epról. _96264 |
|
| 910 | _aValidado. Control de calidad MFF | ||
| 942 |
_2ddc _cLBS1 |
||
| 999 |
_c1797 _d1797 |
||